00846nam a2200181Ia 4500999001500000003000900015005001700024008004100041040002800082090001600110110008100126245009800207260012700305300003900432650003700471942001200508952014400520 c2761d2761DO-SdBJH20180418013134.0180414s9999 dr 000 0 spa d aDO-SdBJHbspacDO-SdBJH aDM PIC 2003 aInstituto Militar de Educación Superior "General Juan Pablo Duarte y Diez"10aPrograma de instrucción del curso de "alta redacción, oratoria y técnicas del discurso" aSanto Domingo, República Dominicana : Instituto Militar de Educación Superior "General Juan Pablo Duarte y Diez", 2003 a7 páginas en varias paginaciones 4aPrograma -- Oratoria -- Discurso 2ddccBK 00102ddc40708DMaBEGEMbBEGEMcGENd2018-04-14i18-EERD-01260l0oDM PIC 2003p18-EERD-01260r2018-04-14 00:00:00tEj.1w2018-04-14yBK